[Event "Milan Crespi op-B 34th"]
[Site "Milan"]
[Date "2013.12.08"]
[Round "6"]
[White "Torelli, Mauro"]
[Black "Ricci, Leonardo"]
[Result "0-1"]
[WhiteElo "1713"]
[BlackElo "1621"]
[PlyCount "32"]
[EventDate "2013.12.04"]
[EventType "swiss"]
[EventRounds "7"]
[EventCountry "ITA"]
[SourceTitle "EXT 2015"]
[Source "ChessBase"]
[SourceDate "2014.11.20"]
[SourceVersion "1"]
[SourceVersionDate "2014.11.20"]
[SourceQuality "1"]

1. c4 e5 2. Nc3 Nf6 3. e3 c6 4. a3 d5 5. d4 Bd6 6. Qb3 Bc7 7. cxd5 Nxd5 8. Bc4 exd4 9. Nxd5 cxd5 10. Bxd5 Qe7 11. Bxb7 Ba5+ 12. Kf1 Bxb7 13. Qa4+ Nc6 14. b4 Bb6 15. Nf3 dxe3 16. Bxe3 0-0 0-1